[Event "HUN-chT2 Szechenyi 1617"]
[Site "Hungary"]
[Date "2016.12.11"]
[Round "6.2"]
[White "Csuta, Akos Koppany"]
[Black "Bartok, Zoltan"]
[Result "1-0"]
[WhiteElo "2150"]
[BlackElo "1931"]
[PlyCount "141"]
[EventDate "2016.09.25"]
[EventType "team-tourn"]
[EventRounds "11"]
[EventCountry "HUN"]
[SourceTitle "EXT 2021"]
[Source "ChessBase"]
[SourceDate "2020.10.23"]
[SourceVersion "1"]
[SourceVersionDate "2020.10.23"]
[SourceQuality "1"]
[WhiteTeam "Gyor Szechenyi"]
[BlackTeam "Papa"]
[WhiteTeamCountry "HUN"]
[BlackTeamCountry "HUN"]

1. e4 g6 2. d4 Bg7 3. Nf3 d6 4. h3 Nf6 5. Nc3 0-0 6. Be3 e5 7. Bc4 Nc6 8. dxe5 Nxe5 9. Nxe5 dxe5 10. Bc5 Bd7 11. Bxf8 Qxf8 12. 0-0 c6 13. Qf3 Re8 14. Rad1 Bc8 15. Qd3 Qb4 16. a3 Qb6 17. b4 Nh5 18. Qd6 Bf8 19. Na4 Bxd6 20. Nxb6 axb6 21. Rxd6 b5 22. Ba2 Kf8 23. h4 Nf4 24. Rd2 h6 25. g3 Ne6 26. f4 exf4 27. gxf4 Ng7 28. Rd4 Ne6 29. Rd6 Ke7 30. Rd2 Ng7 31. c3 Bh3 32. Re1 Bc8 33. f5 Nh5 34. fxg6 fxg6 35. Rf1 Be6 36. Bxe6 Kxe6 37. e5 Rg8 38. Re1 Rg7 39. Rd6+ Kf5 40. e6 Re7 41. Rd7 Rxe6 42. Rxe6 Kxe6 43. Rxb7 Nf4 44. Rc7 Kd6 45. Rg7 g5 46. hxg5 hxg5 47. Kf1 Nd5 48. Rg6+ Kc7 49. Rxg5 Nxc3 50. Ke1 Kd6 51. Rg3 Ne4 52. Rd3+ Ke5 53. Rd8 Nd6 54. Kd1 Nc4 55. Ra8 Kd4 56. Kc2 Nd6 57. Rd8 Kd5 58. Rh8 Nc4 59. Kb3 Nd2+ 60. Kc3 Nc4 61. Rh5+ Kd6 62. a4 Nb6 63. axb5 Nd5+ 64. Rxd5+ cxd5 65. Kd4 Kc7 66. Kxd5 Kb6 67. Kc4 Kb7 68. Kc5 Kc7 69. b6+ Kb7 70. Kb5 Kb8 71. Ka6 1-0

[Event "Gyor op-A 7th"]
[Site "Gyor"]
[Date "2016.07.07"]
[Round "3"]
[White "Margl, Roland"]
[Black "Bartok, Zoltan"]
[Result "1-0"]
[WhiteElo "2096"]
[BlackElo "1929"]
[PlyCount "97"]
[EventDate "2016.07.06"]
[EventType "swiss"]
[EventRounds "9"]
[EventCountry "HUN"]
[SourceTitle "EXT 2017"]
[Source "ChessBase"]
[SourceDate "2016.10.25"]
[SourceVersion "1"]
[SourceVersionDate "2016.10.25"]
[SourceQuality "1"]

1. d4 Nf6 2. Nf3 g6 3. g3 Bg7 4. Bg2 0-0 5. 0-0 d5 6. c4 c6 7. Nbd2 Na6 8. b3 Nc7 9. Bb2 Bf5 10. Ne5 Ng4 11. e4 Nxe5 12. dxe5 dxe4 13. Nxe4 Qc8 14. Qd2 Ne6 15. Qe3 Qc7 16. f4 Rfd8 17. Rfd1 a6 18. Bf3 h5 19. Kf2 Rxd1 20. Rxd1 Rd8 21. Rxd8+ Qxd8 22. Qd2 Qb6+ 23. Qe3 Qa5 24. a3 Bf8 25. b4 Qc7 26. c5 Ng7 27. Nd2 Be6 28. Qd3 Bf5 29. Qc3 Be6 30. Nc4 Bxc4 31. Qxc4 Qd7 32. Qd4 Qh3 33. Kg1 Ne6 34. Qe4 h4 35. Bg2 Qg4 36. Bf3 Qh3 37. g4 Bh6 38. g5 Bf8 39. Bc3 Ng7 40. Be1 Qe6 41. Qd3 h3 42. a4 Qa2 43. a5 Ne6 44. Bd2 Qa1+ 45. Kf2 Kg7 46. Kg3 Nd4 47. Be4 e6 48. Kxh3 Nf5 49. Bxf5 1-0

[Event "HUN-chT2 Charousek 1516"]
[Site "Hungary"]
[Date "2016.03.20"]
[Round "7.10"]
[White "Bartok, Zoltan"]
[Black "Lantos, Levente"]
[Result "0-1"]
[WhiteElo "1932"]
[BlackElo "2091"]
[PlyCount "64"]
[EventDate "2015.10.18"]
[EventType "team-tourn"]
[EventRounds "9"]
[EventCountry "HUN"]
[SourceTitle "EXT 2017"]
[Source "ChessBase"]
[SourceDate "2016.10.25"]
[SourceVersion "1"]
[SourceVersionDate "2016.10.25"]
[SourceQuality "1"]
[WhiteTeam "SZASTE"]
[BlackTeam "Komlo"]
[WhiteTeamCountry "HUN"]
[BlackTeamCountry "HUN"]

1. Nf3 Nf6 2. b3 c5 3. Bb2 Nc6 4. e3 d5 5. d4 Bg4 6. Nbd2 cxd4 7. exd4 e6 8. Be2 Bd6 9. 0-0 0-0 10. h3 Bf5 11. Nh4 Be4 12. f3 Bg6 13. Nxg6 hxg6 14. c4 Qc7 15. f4 Bxf4 16. Kh1 Bxd2 17. Qxd2 Ne4 18. Qe3 Ng3+ 19. Kg1 Nxf1 20. Rxf1 Ne7 21. g4 dxc4 22. bxc4 Rad8 23. Qc3 f6 24. Qe3 Qb6 25. Ba3 Rxd4 26. c5 Qd8 27. Qxe6+ Kh8 28. Rb1 Qd7 29. Qb3 Nc6 30. Bb5 Rd8 31. Bxc6 bxc6 32. Bb4 Rd1+ 0-1

[Event "HUN-chT2 Charousek 1516"]
[Site "Hungary"]
[Date "2015.11.08"]
[Round "2.9"]
[White "Papp, Nandor"]
[Black "Bartok, Zoltan"]
[Result "1/2-1/2"]
[WhiteElo "2089"]
[BlackElo "1901"]
[PlyCount "109"]
[EventDate "2015.10.18"]
[EventType "team-tourn"]
[EventRounds "9"]
[EventCountry "HUN"]
[SourceTitle "CBM 170 Extra"]
[Source "ChessBase"]
[SourceDate "2016.02.25"]
[SourceVersion "1"]
[SourceVersionDate "2016.02.25"]
[SourceQuality "1"]
[WhiteTeam "Aquaprofit II"]
[BlackTeam "SZASTE"]
[WhiteTeamCountry "HUN"]
[BlackTeamCountry "HUN"]

1. c4 Nf6 2. Nc3 g6 3. g3 Bg7 4. Bg2 0-0 5. e4 d6 6. Nge2 c5 7. 0-0 Nc6 8. d3 Bg4 9. f3 Bd7 10. Be3 a6 11. Rb1 Rb8 12. Qd2 b5 13. Nd5 bxc4 14. dxc4 Ne5 15. b3 Nxd5 16. exd5 Bf5 17. Rbd1 a5 18. g4 Bd7 19. h3 f5 20. f4 Nf7 21. gxf5 Bxf5 22. Ng3 Nh6 23. Kh2 a4 24. Nxf5 Nxf5 25. Rb1 axb3 26. Rxb3 Rxb3 27. axb3 Qb6 28. Qd3 Ra8 29. Be4 Nxe3 30. Qxe3 Ra2+ 31. Bg2 Bf6 32. Rb1 Qa5 33. Kh1 Ra1 34. Rf1 Rxf1+ 35. Bxf1 Qa1 36. Kg2 Kg7 37. Be2 Qb2 38. Kf3 Qb1 39. Kg2 Kf8 40. Qf3 Bd4 41. Bd1 Qc1 42. h4 Qd2+ 43. Be2 Bf6 44. h5 gxh5 45. Qxh5 Qxf4 46. Qxh7 Bd4 47. Qd3 Qf2+ 48. Kh3 Ke8 49. Bh5+ Kd7 50. Qf3 Qc2 51. Bg4+ Kc7 52. Bf5 Qb2 53. Kg4 Kb6 54. Bd7 Bf6 55. Ba4 1/2-1/2

[Event "HUN-chT2 Szechenyi 1415"]
[Site "Hungary"]
[Date "2015.04.26"]
[Round "11.1"]
[White "Ruck, Tamas"]
[Black "Bartok, Zoltan"]
[Result "1-0"]
[WhiteElo "2331"]
[BlackElo "1875"]
[PlyCount "77"]
[EventDate "2014.09.07"]
[EventType "team-tourn"]
[EventRounds "11"]
[EventCountry "HUN"]
[SourceTitle "EXT 2016"]
[Source "ChessBase"]
[SourceDate "2015.10.08"]
[SourceVersion "1"]
[SourceVersionDate "2015.10.08"]
[SourceQuality "1"]
[WhiteTeam "HVSE Infraplan"]
[BlackTeam "Papa"]
[WhiteTeamCountry "HUN"]
[BlackTeamCountry "HUN"]

1. e4 b6 2. d4 Bb7 3. Bd3 Nc6 4. c3 e5 5. d5 Nce7 6. c4 Ng6 7. Ne2 Bc5 8. a3 a5 9. Nbc3 Nf6 10. Na4 Be7 11. h4 h5 12. g3 Ba6 13. Nec3 Rb8 14. Qe2 c6 15. Bg5 Qc8 16. Rb1 c5 17. Nd1 d6 18. Ne3 Qd7 19. Nc3 Bf8 20. Bc2 Qc7 21. Bxf6 gxf6 22. Ba4+ Kd8 23. Qf3 Be7 24. Bc6 Qc8 25. b4 Qc7 26. Kd2 Qa7 27. bxa5 Bc8 28. Rb5 Ba6 29. Rb3 bxa5 30. Rxb8+ Qxb8 31. Rb1 Qc7 32. a4 Bc8 33. Kc2 Nf8 34. Nb5 Qb8 35. Nf5 Bxf5 36. Qxf5 Rg8 37. Qxh5 Qc8 38. Qxf7 Qg4 39. Qe8# 1-0

[Event "HUN-chT2 Szechenyi 1415"]
[Site "Hungary"]
[Date "2015.03.01"]
[Round "9.1"]
[White "Olle, Peter"]
[Black "Bartok, Zoltan"]
[Result "0-1"]
[WhiteElo "2197"]
[BlackElo "1875"]
[PlyCount "64"]
[EventDate "2014.09.07"]
[EventType "team-tourn"]
[EventRounds "11"]
[EventCountry "HUN"]
[SourceTitle "EXT 2016"]
[Source "ChessBase"]
[SourceDate "2015.10.08"]
[SourceVersion "1"]
[SourceVersionDate "2015.10.08"]
[SourceQuality "1"]
[WhiteTeam "Sarvar"]
[BlackTeam "Papa"]
[WhiteTeamCountry "HUN"]
[BlackTeamCountry "HUN"]

1. e4 b6 2. d4 Bb7 3. Bd3 Nc6 4. d5 Ne5 5. Be2 Nf6 6. Nc3 e6 7. Qd4 Ng6 8. Nf3 Bc5 9. Qc4 Ng4 10. Nd1 a5 11. Qa4 0-0 12. c4 exd5 13. cxd5 c6 14. Bg5 Qe8 15. Nd2 h6 16. Bxg4 hxg5 17. d6 Ba6 18. Be2 Bxe2 19. Kxe2 Qe6 20. g3 Qxd6 21. Ne3 Ne5 22. Qc2 Qf6 23. f3 Rae8 24. Raf1 d5 25. Nf5 g6 26. Nh6+ Kh7 27. h4 g4 28. Nxg4 Nxg4 29. fxg4 Qe6 30. Kf3 f5 31. e5 Qxe5 32. Qd3 fxg4+ 0-1

[Event "Tatabanya Genius Cup 2nd"]
[Site "Tatabanya"]
[Date "2014.08.31"]
[Round "3"]
[White "Bartok, Zoltan"]
[Black "Joba, Arpad"]
[Result "1-0"]
[WhiteElo "1893"]
[BlackElo "1766"]
[PlyCount "69"]
[EventDate "2014.08.31"]
[EventType "swiss"]
[EventRounds "6"]
[EventCountry "HUN"]
[SourceTitle "EXT 2019"]
[Source "ChessBase"]
[SourceDate "2018.10.10"]
[SourceVersion "1"]
[SourceVersionDate "2018.10.10"]
[SourceQuality "1"]

1. Nf3 Nf6 2. b3 d5 3. Bb2 e6 4. e3 c5 5. d4 Nc6 6. Nbd2 Be7 7. a3 0-0 8. Bd3 b6 9. dxc5 bxc5 10. 0-0 Qc7 11. c4 Rb8 12. Qc2 h6 13. Rac1 Rd8 14. Rfd1 Qb6 15. Ne5 Ba6 16. Nxc6 Qxc6 17. cxd5 exd5 18. Bf5 Qb6 19. Be5 Rb7 20. Kh1 d4 21. exd4 cxd4 22. Bc7 d3 23. Qc3 Rxc7 24. Qxc7 Nd5 25. Qxb6 Nxb6 26. Rc7 Bg5 27. Rxa7 Bc8 28. Bxc8 Rxc8 29. h4 Bxh4 30. g3 Bf6 31. Ne4 Rd8 32. Ra6 Nc8 33. Nxf6+ gxf6 34. Ra8 Kf8 35. Kg2 1-0

[Event "Tatabanya Genius Cup 2nd"]
[Site "Tatabanya"]
[Date "2014.08.31"]
[Round "2"]
[White "Gyuricsek, Szilard"]
[Black "Bartok, Zoltan"]
[Result "0-1"]
[WhiteElo "1232"]
[BlackElo "1893"]
[PlyCount "40"]
[EventDate "2014.08.31"]
[EventType "swiss"]
[EventRounds "6"]
[EventCountry "HUN"]
[SourceTitle "EXT 2019"]
[Source "ChessBase"]
[SourceDate "2018.10.10"]
[SourceVersion "1"]
[SourceVersionDate "2018.10.10"]
[SourceQuality "1"]

1. e4 b6 2. d4 Bb7 3. Nc3 e6 4. Bd3 Nf6 5. f3 c5 6. Be3 cxd4 7. Bxd4 Nc6 8. Be3 Bb4 9. Nge2 0-0 10. Qd2 d5 11. exd5 Nxd5 12. 0-0-0 Ne5 13. a3 a5 14. g4 Kh8 15. Be4 Bxc3 16. Nxc3 Nc4 17. Qd3 Ncxe3 18. Rde1 Ng2 19. Reg1 Ngf4 20. Qd2 Nxc3 0-1

[Event "Gyor op-A 5th"]
[Site "Gyor"]
[Date "2014.07.12"]
[Round "6"]
[White "Nyeki, Bence"]
[Black "Bartok, Zoltan"]
[Result "1/2-1/2"]
[WhiteElo "1964"]
[BlackElo "1920"]
[PlyCount "63"]
[EventDate "2014.07.09"]
[EventType "swiss"]
[EventRounds "9"]
[EventCountry "HUN"]
[SourceTitle "EXT 2016"]
[Source "ChessBase"]
[SourceDate "2015.10.08"]
[SourceVersion "1"]
[SourceVersionDate "2015.10.08"]
[SourceQuality "1"]

1. d4 Nf6 2. c4 g6 3. Nc3 d5 4. Bf4 c6 5. e3 Bg7 6. Nf3 0-0 7. Bd3 Nbd7 8. cxd5 Nxd5 9. Nxd5 cxd5 10. 0-0 Re8 11. Rc1 e5 12. dxe5 Nxe5 13. Nxe5 Bxe5 14. Bxe5 Rxe5 15. Qc2 Bd7 16. Rfd1 Rc8 17. Qb3 Bg4 18. Re1 b6 19. Qa4 d4 20. Qxd4 Rd5 21. Qxg4 Rxc1 22. Rxc1 Rxd3 23. Rc8 Rd1+ 24. Qxd1 Qxc8 25. f3 Qe6 26. Qd8+ Kg7 27. Qd4+ Kg8 28. a3 Qb3 29. h4 h5 30. Kh2 Qb5 31. Kg3 Qf1 32. Qd8+ 1/2-1/2

[Event "Gyor op-A 5th"]
[Site "Gyor"]
[Date "2014.07.11"]
[Round "5"]
[White "Bartok, Zoltan"]
[Black "Vasvari, Attila"]
[Result "1-0"]
[WhiteElo "1920"]
[BlackElo "1669"]
[PlyCount "59"]
[EventDate "2014.07.09"]
[EventType "swiss"]
[EventRounds "9"]
[EventCountry "HUN"]
[SourceTitle "EXT 2016"]
[Source "ChessBase"]
[SourceDate "2015.10.08"]
[SourceVersion "1"]
[SourceVersionDate "2015.10.08"]
[SourceQuality "1"]

1. e4 c5 2. Nf3 Nc6 3. d4 cxd4 4. Nxd4 Nf6 5. Nc3 d6 6. Be2 e5 7. Nb3 Be7 8. Bg5 h6 9. Be3 Be6 10. Qd2 Ng4 11. Bxg4 Bxg4 12. Nd5 Bg5 13. 0-0 Bxe3 14. Nxe3 Be6 15. Rad1 Ke7 16. f4 exf4 17. Rxf4 Qc7 18. Kh1 Rhd8 19. Nd5+ Bxd5 20. exd5 Ne5 21. Rdf1 Rac8 22. c3 f6 23. Nd4 Qa5 24. Ne6 Rg8 25. a3 Rc4 26. Nd4 Kd7 27. Ne6 Rxf4 28. Rxf4 Qb5 29. h3 Nd3 30. c4 1-0

[Event "Gyor op-A 5th"]
[Site "Gyor"]
[Date "2014.07.11"]
[Round "4"]
[White "Viczencz, Peter"]
[Black "Bartok, Zoltan"]
[Result "1/2-1/2"]
[WhiteElo "1630"]
[BlackElo "1920"]
[PlyCount "101"]
[EventDate "2014.07.09"]
[EventType "swiss"]
[EventRounds "9"]
[EventCountry "HUN"]
[SourceTitle "EXT 2016"]
[Source "ChessBase"]
[SourceDate "2015.10.08"]
[SourceVersion "1"]
[SourceVersionDate "2015.10.08"]
[SourceQuality "1"]

1. e4 d6 2. d4 g6 3. Nc3 Bg7 4. f4 Nf6 5. Nf3 0-0 6. Bd3 Bg4 7. h3 Bxf3 8. Qxf3 c6 9. 0-0 Qb6 10. a3 Nfd7 11. Ne2 c5 12. dxc5 Nxc5 13. Kh1 Nxd3 14. Qxd3 Nd7 15. c3 Nc5 16. Qe3 Qc6 17. Ng3 Nb3 18. Rb1 Bh6 19. Qf3 Nxc1 20. Rbxc1 e5 21. Ne2 Rae8 22. Rce1 f5 23. exf5 Qxf3 24. gxf3 Rxf5 25. fxe5 dxe5 26. Ng3 Rf6 27. Ne4 Rb6 28. Re2 Rd8 29. Rfe1 Bf4 30. Kg2 Kf7 31. a4 Rc6 32. b4 b6 33. Rb1 h6 34. Ra2 Rc7 35. a5 g5 36. axb6 axb6 37. Ra6 Be3 38. Re1 Rd3 39. Rxe3 Rxe3 40. Rxb6 Rxe4 41. fxe4 Rxc3 42. Rxh6 Re3 43. b5 Rxe4 44. b6 Rb4 45. Rc6 Ke7 46. Kf3 Rh4 47. Kg3 Rd4 48. Rg6 Rb4 49. Rxg5 Kf6 50. Rh5 e4 51. Kf4 1/2-1/2

[Event "Dunaujvaros op"]
[Site "Dunaujvaros"]
[Date "2013.10.12"]
[Round "4"]
[White "Tar, Balazs"]
[Black "Bartok, Zoltan"]
[Result "0-1"]
[WhiteElo "1452"]
[BlackElo "1837"]
[PlyCount "62"]
[EventDate "2013.10.11"]
[EventType "swiss"]
[EventRounds "6"]
[EventCountry "HUN"]
[SourceTitle "EXT 2019"]
[Source "ChessBase"]
[SourceDate "2018.10.10"]
[SourceVersion "1"]
[SourceVersionDate "2018.10.10"]
[SourceQuality "1"]

1. e4 d5 2. exd5 Qxd5 3. Nc3 Qd8 4. d4 Nf6 5. Nf3 g6 6. Bc4 Bg7 7. Be3 0-0 8. Qd2 Re8 9. 0-0-0 c6 10. h4 Qa5 11. Ng5 e6 12. a3 Nbd7 13. f3 Nb6 14. Ba2 Nbd5 15. Nxd5 Qxd2+ 16. Rxd2 Nxd5 17. Bxd5 exd5 18. Bf4 h6 19. Nh3 Bd7 20. Nf2 Re7 21. g4 Rae8 22. Rdd1 Kh7 23. g5 h5 24. Kb1 Bf5 25. Bd6 Re2 26. Nd3 Bxd4 27. Nb4 c5 28. Nd3 b6 29. Rhe1 Bxd3 30. Rxe2 Bxe2 31. Re1 Bf2 0-1

[Event "Dunaujvaros op"]
[Site "Dunaujvaros"]
[Date "2013.10.11"]
[Round "1"]
[White "Bartok, Zoltan"]
[Black "Szmodics, Levente"]
[Result "1-0"]
[WhiteElo "1837"]
[BlackElo "1328"]
[PlyCount "35"]
[EventDate "2013.10.11"]
[EventType "swiss"]
[EventRounds "6"]
[EventCountry "HUN"]
[SourceTitle "EXT 2019"]
[Source "ChessBase"]
[SourceDate "2018.10.10"]
[SourceVersion "1"]
[SourceVersionDate "2018.10.10"]
[SourceQuality "1"]

1. Nf3 d5 2. b3 Nc6 3. Bb2 Nf6 4. e3 Bg4 5. d4 e6 6. a3 Bd6 7. Be2 0-0 8. Nbd2 Ne4 9. c4 Ne7 10. c5 Bxc5 11. dxc5 Nxc5 12. 0-0 Ng6 13. b4 Ne4 14. Qc2 Nxd2 15. Qxd2 b6 16. Qd4 f6 17. Qxg4 e5 18. Rfd1 1-0